000
00289nam a2200121Ia 4500
008
241002s9999 xx 000 0 und d
082
_a
153.35 ROB
100
_a
Robinson, James Harvey
245
4
_a
The Mind in The Making
260
_a
London:
_c
1949
600
_a
Philosophy
942
_c
UC
999
_c
18879
_d
18879